THEMES and debates in early childhood
Saved in:
| Format: | Book |
|---|---|
| Language: | English |
| Published: |
Learning Matter, Sage Publications,
2013.
|
| Tags: |
Add Tag
No Tags, Be the first to tag this record!
|
MARC
| LEADER | 00000nam a22000007a 4500 | ||
|---|---|---|---|
| 008 | 210415b ||||| |||| 00| 0 eng d | ||
| 020 | |a 978-1-4462-5636-7 | ||
| 245 | |a THEMES and debates in early childhood |c mary Wild & Alison Street |g viii, 165p. | ||
| 260 | |b Learning Matter, Sage Publications, |c 2013. |h .Los Angeles: |i 692531 |i 692532 |l BF713 .T34 |m Developmental Psychology. | ||
| 500 | |a “It includes references and index”. | ||
| 942 | |a lcc |c BK |e Adeniran F. A |f 15/04/2021 | ||
| 952 | |0 0 |1 0 |2 lcc |4 0 |6 BF0713 T34 |7 0 |9 2136 |a HOL |b ED |c AF |d 2021-04-15 |l 0 |o BF713 .T34 |p 2021-5990 |r 2021-04-15 00:00:00 |w 2021-04-15 |y BK | ||
| 952 | |0 0 |1 0 |2 lcc |4 0 |6 BF0713 T34 |7 0 |9 2137 |a HOL |b HOL |c AF |d 2021-04-15 |l 0 |o BF713 .T34 |p 2021-5991 |r 2021-04-15 00:00:00 |w 2021-04-15 |y BK | ||
| 999 | |c 1110 |d 1110 | ||